Score 0/20 Timer 08:00
1 Play Today
Quote Movie % Correct
Fredo, you're my older brother, and I love you. But don't ever take sides with anyone against the Family again. Ever.The Godfather
97%
What I need is for somebody to drive my mother around Driving Miss Daisy
82%
A deer has to be taken with one shot. I try to tell people that but they don't listen. The Deer Hunter
81.2%
That man right there is my brother and if he doesn't get to watch 'People's Court' in about 30 seconds, he's gonna throw a fit right here on your porch.Rain Man
77.5%
I had a farm in Africa. Out of Africa
65.5%
I believe God made me for a purpose, but he also made me fast. And when I run I feel His pleasure.Chariots of Fire
63.2%
He doesn't know it's a damn show! He thinks it's a damn fight! Rocky
62.2%
How much courage does it take to walk out on your kid? Kramer vs. Kramer
61.3%
Yes. In the end, you will walk out. Because 100,000 Englishmen simply cannot control 350 million Indians, if those Indians refuse to cooperate. Gandhi
56.8%
All right, Popeye's here! get your hands on your heads, get off the bar, and get on the wall! The French Connection
52.2%
Quote Movie % Correct
Thank the general and tell him I have no desire to drink with him or any other Russian son of a *****.Patton
46.6%
I don't feel I have to wipe everybody out, Tom. Just my enemies. The Godfather: Part II
42.1%
My daughter is in pain. I don't understand why she has to have this pain. All she has to do is hold out until ten, and IT'S PAST TEN! My daughter is in pain, can't you understand!Terms of Endearment
37.9%
Mac... they said you escaped. I knew you wouldn't leave without me. I was waiting for you. Now we can make it, Mac; I feel big as a damn mountainOne Flew Over the Cuckoo's Nest
35.7%
Somebody once wrote: 'Hell is the impossibility of reason.' That's what this place feels like. Hell.Platoon
34.3%
A relationship, I think, is like a shark. You know? It has to constantly move forward or it dies. And I think what we got on our hands is a dead shark.Annie Hall
30.8%
I speak for all mediocrities in the world. I am their champion. I am their patron saint.Amadeus
27%
If you cannot say what you mean, your majesty, you will never mean what you sayThe Last Emperor
26.3%
Dukey, if this thing blows up, the Feds will be the least of our problemsThe Sting
24.3%
Listen, don't take refuge in one-liners like 'you're the doctor'. Okay? Because that pisses me off. Ordinary People
21.8%

You're not logged in!

Compare scores with friends on all Sporcle quizzes.
OR
Log In

Sporcle TV

Today on Sporcle TV


Watch our educational content, quiz creation guides, and fun videos on Sporcle TV.

Show Comments

Extras

Top Quizzes Today


Score Distribution

Paid Content

Your Account Isn't Verified!

In order to create a playlist on Sporcle, you need to verify the email address you used during registration. Go to your Sporcle Settings to finish the process.

Report this User

Report this user for behavior that violates our Community Guidelines.

Details: